000
00240nam a2200109Ia 4500
008
190216s9999||||xx |||||||||||||| ||und||
100
_a
Irvan
245
0
_a
De Schooling Society
260
_b
Penguin Books
650
_a
English
942
_c
BK
999
_c
12812
_d
12812